000 00562nmm a2200169Ia 4500
008 251105s9999||||xx |||||||||||||||||und||
020 _a9786071664426
041 _aspa
100 _aGilly, Adolfo
245 2 _aA la luz del relámpago :
_b Cuba en octubre
264 _a[México D.C., Mexico] :
_bFondo de Cultura Económica,
_c[Fecha de publicación no identificada]
300 _a56 páginas
490 _aVientos del Pueblo
650 _aHistory of the Americas: Latin America
856 _uhttps://public.digitaliapublishing.com/a/100344
942 _cCF
999 _c75633
_d75633